Tuyển tập văn học

Đã lưu trong:
Chi tiết về thư mục
Tác giả chính: Hồ Chí Minh
Định dạng: Sách
Các nhãn: Thêm thẻ
Không có thẻ, Là người đầu tiên thẻ bản ghi này!
Thư viện lưu trữ: Mạng thư viện Đại học Đà Nẵng
LEADER 00830nam a2200253 4500
001 000007463
003 3625
005 20150812140803.0
008 111004s sd
041 0 |a 24000đ 
082 1 |a 895.922.08  |b HÔ-M 
100 0 |a Hồ Chí Minh 
245 0 0 |a Tuyển tập văn học  |c Hồ Chí Minh 
774 |a Hồ Chí Minh  |d Văn học  |d H.  |d 1995  |g T.1  |h 487 tr.  |t Truyện và ký  |w 3628 
774 |a Hồ Chí Minh  |d Văn học  |d H.  |d 1995  |g T.2  |h 449 tr.  |t Văn hoá nghệ thuật là một mặt trận  |w 3629 
774 |a Hồ Chí Minh  |d Văn học  |d H.  |d 1995  |g T.3  |h 559 tr.  |t Thơ  |w 3630 
OWN |a LSP 
999 |a From the UDN01 
TYP |a Monograph 
TYP |a Printed language 
980 |a Mạng thư viện Đại học Đà Nẵng